| 000 | 00348nam a22001577a 4500 | ||
|---|---|---|---|
| 003 | SGT | ||
| 020 | _a9789384310820 | ||
| 082 | _a345,RED | ||
| 100 | _aREDDI RAMA PADALA | ||
| 245 | _aCRIMINAL MAJOR ACTS | ||
| 250 | _a21ST | ||
| 260 |
_aHYDERABAD _bASIA LAW HOUSE _c2015 |
||
| 300 | _a520 | ||
| 650 | _aCRIMINAL MAJOR ACTS | ||
| 942 |
_2ddc _cBK _01 |
||
| 999 |
_c10996 _d10996 |
||